Esta urticante pasión de la pimienta. / (Record no. 2579)
[ view plain ]
| 000 -CABECERA | |
|---|---|
| campo de control de longitud fija | 00913cam a2200217 a 4500 |
| 001 - NÚMERO DE CONTROL | |
| campo de control | 000002745 |
| 005 - FECHA Y HORA DE LA ÚLTIMA TRANSACCIÓN | |
| campo de control | 20200929150241.0 |
| 008 - DATOS DE LONGITUD FIJA--INFORMACIÓN GENERAL | |
| campo de control de longitud fija | 840329s1983 nyu 001 0 spa |
| 020 ## - NÚMERO INTERNACIONAL ESTÁNDAR DEL LIBRO | |
| Número Internacional Estándar del Libro | 0910235015 (pbk.) |
| 040 ## - FUENTE DE LA CATALOGACIÓN | |
| Centro catalogador/agencia de origen | DO-SdBNP |
| Centro/agencia transcriptor | DLC |
| Centro/agencia modificador | DLC |
| 082 ## - NÚMERO DE LA CLASIFICACIÓN DECIMAL DEWEY | |
| Número de clasificación | 861 |
| Número de documento/Ítem | E79U |
| 245 00 - MENCIÓN DE TÍTULO | |
| Título | Esta urticante pasión de la pimienta. / |
| Mención de responsabilidad, etc. | Arnaldo Sepulveda, editor del Junte. |
| 260 ## - PUBLICACIÓN, DISTRIBUCIÓN, ETC. | |
| Lugar de publicación, distribución, etc. | Nueva York : |
| Nombre del editor, distribuidor, etc. | Prisma Books, |
| Fecha de publicación, distribución, etc. | 1983. |
| 300 ## - DESCRIPCIÓN FÍSICA | |
| Extensión | 127 p. ; |
| Dimensiones | 18 cm. |
| 440 #0 - MENCIÓN DE SERIE/PUNTO DE ACCESO ADICIONAL--TÍTULO | |
| Título | Junte del Taller Literario Rácata |
| Designación de volumen o secuencia | 1 |
| 9 (RLIN) | 8646 |
| 500 ## - NOTA GENERAL | |
| Nota general | Programa de Arte y Cultura. Colegio Comunal Eugenio María de Hostos de la Universidad de la Ciudad de Nueva York. |
| 500 ## - NOTA GENERAL | |
| Nota general | Patrocinado por el Comitéa asesor del Consejo de Hostos, con fondos del Departamento de Asuntos Culturales de la Ciudad de Nueva York. |
| 650 #0 - PUNTO DE ACCESO ADICIONAL DE MATERIA--TÉRMINO DE MATERIA | |
| Término de materia o nombre geográfico como elemento de entrada | Poesía hispanoamericana |
| 9 (RLIN) | 8160 |
| 700 1# - PUNTO DE ACCESO ADICIONAL--NOMBRE DE PERSONA | |
| Nombre de persona | Sepulveda, Arnaldo. |
| Término indicativo de función/relación | ed. |
| 9 (RLIN) | 8647 |
| 910 ## - DATOS DE OPCIÓN DEL USUARIO (OCLC) | |
| Datos de opción del usuario | Catalogación por copia / LC |
| Estado de retiro | Estado de pérdida | Restricciones de uso | No para préstamo | Código de colección | Localización permanente | Ubicación/localización actual | Ubicación en estantería | Fecha de adquisición | Número de inventario | Total de préstamos | Signatura topográfica completa | Código de barras | Fecha visto por última vez | Precio válido a partir de | Tipo de ítem Koha |
|---|---|---|---|---|---|---|---|---|---|---|---|---|---|---|---|
| Préstamo interno | Monografías: Libros y Folletos | General | General | En catalogación | 03.07.2009 | LF1 | 861 E79U | 2745-10 | 25.06.2020 | 25.06.2020 | Préstamo interno |
